Česko-německý technický slovník

Enregistré dans:
Détails bibliographiques
Auteur principal: Naxerová, Anna (Auteur)
Format: Livre
Langue:tchèque
allemand
Publié: Praha : SNTL, 1970
Édition:1. vyd.
Tags: Ajouter un tag
Pas de tags, Soyez le premier à ajouter un tag!

MARC

LEADER 00000nam a22000003a 4500
001 stu50993
005 20150617225709.7
008 991123s1970----cs------------------cze-d
040 |a STU  |b slo 
041 0 |a cze  |a ger 
044 |a cs 
080 |a 801.316.4  |7 4969 
080 |a 62=850=30 
100 1 |a Naxerová, Anna  |4 aut 
245 1 |a Česko-německý technický slovník 
250 |a 1. vyd. 
260 |a Praha :  |b SNTL,  |c 1970 
300 |a 1095 s 
996 |b 284EK01445  |c E*24085  |l EE01  |s A  |a 24  |w stu50993_0001 
996 |b E31756  |c E*31756  |l EE11  |s P  |a 0  |w stu50993_0002 
996 |b E24107  |c E*24107  |l EE11  |s P  |a 0  |w stu50993_0003